00305 2200133 4500001002100000005001500021035002000036245004700056100002000103300001100123260001700134082000800151990001200159INLIS00000000000221320250527014419 a0010-05250005051 aBangga Menjadi Muslimah /cFada Abdurazzak0 aFada Abdurazzak a77 hlm bThink,c2005 a813 a0712700